| 000 | 00790nam a2200229 i 4500 | ||
|---|---|---|---|
| 001 | bg | ||
| 245 | 0 |
_aWspółpraca gospodarcza Wschód - Zachód / _c[komitet red. Mściwoj Muszyński] ; Instytut Rozwoju Gospodarczego. |
|
| 260 |
_aWarszawa : _bWydaw. Uczelniane Szkoły Głównej Planowania i Statystyki, _c1983. |
||
| 300 |
_a130,[1] s. : _btabel. ; _c24 cm. |
||
| 490 | 1 |
_aPrace i Materiały IRG ; _v11 |
|
| 504 | _aBibliogr. przy ref. | ||
| 650 | 9 |
_aWspółpraca gospodarcza _zEuropa |
|
| 655 | _aMateriały konferencyjne | ||
| 700 | 1 |
_aMuszyński, Mściwoj. _eRed. |
|
| 710 | _aInstytut Rozwoju Gospodarczego | ||
| 830 | _aPrace i Materiały IRG ; | ||
| 040 | _cBPK | ||
| 041 | _apl | ||
| 080 | _a339.9(4)(061.3) | ||
| 942 | _cKS | ||
| 008 | s pl f |000 0 pol | ||
| 999 |
_c35351 _d35351 |
||
| 856 |
_uhttp://koha.tu.koszalin.pl/cgi-bin/koha/opac-detail.pl?biblionumber=35351 _yKatalog online BPK |
||